10 Movies of 1958 - Statistics

General Stats
  • This quiz has been taken 11 times
  • The average score is 3 of 10
Answer Stats
Hint Answer % Correct
Teenagers Steve and Jane must save their town from a gelatinous alien that devours everything, but no one believes their warnings. The Blob
75%
An ex-detective's obsession with a haunting woman spirals into madness, blurring the lines between reality and illusion. Vertigo
63%
* Clumsy Monsieur Hulot prefers his shabby apartment to his sister's sterile suburban home, where she schemes to transform his lifestyle. * Mon Oncle
38%
An alcoholic ex-football player struggles with his sexuality and a troubled marriage as he confronts his dying father and painful memories. Cat on a Hot Tin Roof
25%
* During a clan war in feudal Japan, two greedy peasants encounter a mysterious man who guides them to a secret stronghold. * Hidden Fortress
25%
When a car bomb explodes on the American side of the U.S./Mexico border, Mexican drug enforcement agent Miguel Vargas begins his investigation, along with American police captain Hank Quinlan. Touch of Evil
25%
* Tasked with killing a political figure, a soldier mistakenly shoots the wrong person and grapples with guilt while falling for a barmaid. * Ashes and Diamonds
0%
* A self-assured businessman murders his employer, the husband of his mistress, which unintentionally provokes an ill-fated chain of events. * Elevator to the Gallows
0%
A wealthy bachelor offers a young woman a luxurious lifestyle, but she yearns for a deeper connection that money can't provide. Gigi
0%
Lelia's interracial relationship with Tony is tested when he learns about her darker-skinned brother, Hugh, and her true racial heritage. Shadows
0%
No matching quizzes found
Score Distribution
Percent of People with Each Score
Percentile by Number Answered
Your Score History
You have not taken this quiz